00674nam a2200193Ia 4500008004100000020001400041082001600055100002000071245009700091250000800188260003300196300002900229500000700258600002100265650005000286942000700336952012200343999001500465240925s9999 xx 000 0 und d a966312066 a005.118 JEF aJeff , Weigant 0aCreating Human Machine Interfaces Using Visual Basic: illustrated step by step instructions  a4th aIndianapolis:bCISCOc,2000. axxix,795p.bNAfOriginal aNA aComputer Science aComputer science, information & general works cBK 001040708CSaUITUbUITUd2004-05-13eAmazon.comg99.95l0o005.118 JEFpQ5630r2024-09-25 07:13:55w2024-09-25yBK c8129d8129